[Event "APSAP op"]
[Site "Paris FRA"]
[Date "1995.03.04"]
[Round "8"]
[White "Hebert, Jean"]
[Black "Belkhodja, Slim"]
[Result "1-0"]
[WhiteElo "2400"]
[BlackElo "2365"]
[PlyCount "78"]
[GameId "2129405184008692"]
[EventDate "1995.02.25"]
[EventType "swiss"]
[EventRounds "9"]
[EventCountry "FRA"]

1. c4 e5 2. Nc3 Nf6 3. Nf3 d6 4. d4 e4 5. Ng5 Qe7 6. Qc2 Bf5 7. f3 Nc6 8. fxe4 Bg6 9. d5 Nb8 10. Qb3 b6 11. c5 Nbd7 12. cxd6 Qxd6 13. g3 h6 14. Nf3 Nxe4 15. Bh3 Nef6 16. Bf4 Qb4 17. O-O Bc5+ 18. Kh1 O-O 19. Qxb4 Bxb4 20. Nb5 Bd6 21. Rac1 Bxf4 22. gxf4 Nc5 23. b4 Nce4 24. Ne5 Bh5 25. Nxc7 Bxe2 26. Rfe1 Nf2+ 27. Kg2 Nxh3 28. Kxh3 Rac8 29. Rxe2 Nxd5 30. Rec2 Nxf4+ 31. Kg4 g5 32. Kf5 Rcd8 33. h4 Rd4 34. Rc4 Rd6 35. hxg5 Ne2 36. Re1 Nd4+ 37. Ke4 Ne6 38. Nxe6 Rxe6 39. Rc6 Rxe5+ 1-0

[Event "APSAP op"]
[Site "Paris FRA"]
[Date "1995.03.05"]
[Round "9"]
[White "Okhotnik, Vladimir"]
[Black "Hebert, Jean"]
[Result "1/2-1/2"]
[WhiteElo "2440"]
[BlackElo "2400"]
[PlyCount "58"]
[GameId "2129405184008693"]
[EventDate "1995.02.25"]
[EventType "swiss"]
[EventRounds "9"]
[EventCountry "FRA"]

1. e4 e6 2. d4 d5 3. exd5 exd5 4. c4 Nf6 5. Nc3 Bb4 6. Nf3 O-O 7. Bd3 dxc4 8. Bxc4 Bg4 9. O-O Nc6 10. Be3 Qd7 11. h3 Bh5 12. Be2 Rad8 13. Qb3 Bd6 14. Rad1 Na5 15. Qc2 Bxf3 16. Bxf3 h6 17. Qd3 a6 18. d5 c5 19. dxc6 Nxc6 20. Nd5 Nxd5 21. Qxd5 Qc7 22. Qb3 Na5 23. Qa4 b5 24. Qg4 Nc4 25. Bxh6 f5 26. Qh5 gxh6 27. Qxh6 Qh7 28. Qe6+ Qf7 29. Qh6 Qh7 1/2-1/2

[Event "Cannes op"]
[Site "Cannes FRA"]
[Date "1995.??.??"]
[Round "2"]
[White "Hebert, Jean"]
[Black "Sermek, Drazen"]
[Result "1-0"]
[WhiteElo "2400"]
[BlackElo "2515"]
[PlyCount "101"]
[GameId "2129405184915316"]
[EventDate "1995.??.??"]
[EventType "swiss"]
[EventRounds "9"]
[EventCountry "FRA"]
[SourceTitle "EXP 46"]

1. c4 c5 2. Nf3 g6 3. e4 Bg7 4. d4 cxd4 5. Nxd4 Nc6 6. Be3 Nf6 7. Nc3 Ng4 8. Qxg4 Nxd4 9. Qd1 e5 10. Bd3 O-O 11. O-O d6 12. a4 a6 13. a5 Be6 14. Nd5 Rc8 15. Nb6 Rc7 16. Bxd4 exd4 17. f4 f6 18. Qf3 Re7 19. Rae1 Rfe8 20. b4 Bf7 21. Re2 Kh8 22. Rfe1 Qc7 23. g3 Bg8 24. h4 Bf7 25. Kg2 Qd8 26. Rh1 h5 27. Rhe1 Rg8 28. Nd5 Ree8 29. Qf2 Bxd5 30. exd5 f5 31. Re6 Kh7 32. Qe2 Rxe6 33. Qxe6 Bf6 34. c5 dxc5 35. bxc5 Qxa5 36. Re2 Qd8 37. c6 bxc6 38. dxc6 Rg7 39. Kh3 a5 40. Rb2 Be7 41. Qc4 Bb4 42. Re2 Bc3 43. Re5 Qa8 44. Qd5 Qc8 45. Kh2 Kh8 46. Bxf5 gxf5 47. Rxf5 Rh7 48. Qe5+ Kg8 49. Rg5+ Kf7 50. Qd5+ Kf6 51. Qd6+ 1-0

[Event "Cannes op"]
[Site "Cannes FRA"]
[Date "1995.??.??"]
[Round "3"]
[White "Prie, Eric"]
[Black "Hebert, Jean"]
[Result "1/2-1/2"]
[WhiteElo "2480"]
[BlackElo "2400"]
[PlyCount "67"]
[GameId "2129405184919476"]
[EventDate "1995.??.??"]
[EventType "swiss"]
[EventRounds "9"]
[EventCountry "FRA"]
[SourceTitle "EXP 46"]

1. e4 g6 2. d4 d6 3. f4 d5 4. e5 h5 5. c3 Nh6 6. Nf3 Bf5 7. Qb3 b6 8. c4 e6 9. cxd5 exd5 10. Nc3 c6 11. Be3 Be7 12. Rc1 Kf8 13. Be2 Be6 14. Nd1 c5 15. O-O c4 16. Qc2 Nc6 17. Nc3 Bf5 18. Bf2 Rb8 19. Qa4 b5 20. Nxb5 Bd7 21. Nc3 Rxb2 22. Qd1 Be6 23. Bxc4 dxc4 24. d5 Rxf2 25. Rxf2 Bc5 26. dxe6 Bxf2+ 27. Kxf2 Qb6+ 28. Ke1 fxe6 29. Qd7 Nb4 30. Rd1 Nd3+ 31. Rxd3 cxd3 32. Ng5 Qe3+ 33. Kd1 Qg1+ 34. Kd2 1/2-1/2

[Event "Cannes op"]
[Site "Cannes FRA"]
[Date "1995.??.??"]
[Round "4"]
[White "Hebert, Jean"]
[Black "Santo Roman, Marc"]
[Result "1/2-1/2"]
[WhiteElo "2400"]
[BlackElo "2465"]
[PlyCount "51"]
[GameId "2129405184919502"]
[EventDate "1995.??.??"]
[EventType "swiss"]
[EventRounds "9"]
[EventCountry "FRA"]
[SourceTitle "EXP 46"]

1. d4 f5 2. c4 Nf6 3. g3 g6 4. Bg2 Bg7 5. Nc3 O-O 6. Nh3 Nc6 7. Rb1 d6 8. d5 Ne5 9. b3 Bd7 10. Nf4 c5 11. O-O Rb8 12. Bb2 a6 13. Nd3 b5 14. Nxe5 dxe5 15. d6 e4 16. f3 bxc4 17. fxe4 cxb3 18. axb3 Be6 19. e5 Ng4 20. Bd5 Qd7 21. Bxe6+ Qxe6 22. Qd5 Qxd5 23. Nxd5 exd6 24. exd6 Bxb2 25. Rxb2 Nf6 26. Nxf6+ 1/2-1/2

[Event "Cannes op"]
[Site "Cannes FRA"]
[Date "1995.??.??"]
[Round "5"]
[White "Bricard, Emmanuel"]
[Black "Hebert, Jean"]
[Result "1/2-1/2"]
[WhiteElo "2500"]
[BlackElo "2400"]
[PlyCount "63"]
[GameId "2129405184919540"]
[EventDate "1995.??.??"]
[EventType "swiss"]
[EventRounds "9"]
[EventCountry "FRA"]
[SourceTitle "EXP 46"]

1. e4 e6 2. d3 c5 3. g3 d5 4. Nd2 g6 5. Bg2 Bg7 6. Ngf3 Ne7 7. O-O Nbc6 8. Re1 b6 9. c3 O-O 10. h4 Ba6 11. exd5 exd5 12. Nf1 Qd7 13. Bf4 Rae8 14. Qd2 d4 15. c4 Bb7 16. N1h2 f6 17. a3 a5 18. Re2 Nc8 19. Rae1 Rxe2 20. Qxe2 h6 21. Nd2 Nd8 22. Bxb7 Qxb7 23. Qf3 g5 24. Qxb7 Nxb7 25. hxg5 hxg5 26. Bc7 Kf7 27. g4 Re8 28. Ne4 Bf8 29. Kf1 a4 30. Nf3 Bd6 31. Nexg5+ fxg5 32. Nxg5+ 1/2-1/2

[Event "Cannes op"]
[Site "Cannes FRA"]
[Date "1995.??.??"]
[Round "7"]
[White "Hebert, Jean"]
[Black "Renet, Olivier"]
[Result "1/2-1/2"]
[WhiteElo "2400"]
[BlackElo "2530"]
[PlyCount "90"]
[GameId "2129405184919644"]
[EventDate "1995.??.??"]
[EventType "swiss"]
[EventRounds "9"]
[EventCountry "FRA"]
[SourceTitle "EXP 46"]

1. c4 Nf6 2. Nc3 e5 3. g3 Bb4 4. Nf3 Nc6 5. Bg2 O-O 6. O-O Re8 7. Nd5 a5 8. d3 h6 9. e4 d6 10. h3 Bc5 11. Be3 Bd7 12. Qd2 Nxd5 13. cxd5 Nd4 14. Bxd4 exd4 15. Ne1 c6 16. dxc6 bxc6 17. Nc2 Qg5 18. Qe1 f5 19. h4 Qf6 20. Qd2 Rab8 21. b3 Bb4 22. Nxb4 axb4 23. f4 c5 24. Rae1 Re7 25. Rf2 Rbe8 26. Rfe2 Kh8 27. Kf2 fxe4 28. Rxe4 Bf5 29. Rxe7 Rxe7 30. Rxe7 Qxe7 31. Qe2 Qxe2+ 32. Kxe2 g6 33. Bf3 h5 34. Kd2 Kg7 35. Bc6 Kf6 36. Ke2 Be6 37. Be4 d5 38. Bf3 c4 39. Kd2 c3+ 40. Kc2 Ke7 41. Be2 Bh3 42. Bf3 Ke6 43. Bh1 Kf5 44. Bf3 Bg4 45. Bxd5 Kf6 1/2-1/2

[Event "Cannes op"]
[Site "Cannes FRA"]
[Date "1995.??.??"]
[Round "9"]
[White "Hebert, Jean"]
[Black "Solozhenkin, Evgeniy"]
[Result "0-1"]
[WhiteElo "2400"]
[BlackElo "2480"]
[PlyCount "120"]
[GameId "2129405184927927"]
[EventDate "1995.??.??"]
[EventType "swiss"]
[EventRounds "9"]
[EventCountry "FRA"]
[SourceTitle "EXP 46"]

1. c4 e5 2. Nc3 Bb4 3. g3 Bxc3 4. dxc3 d6 5. Bg2 Ne7 6. Nf3 Nbc6 7. O-O O-O 8. e4 Bg4 9. h3 Be6 10. b3 h6 11. Ne1 Qd7 12. Kh2 Rad8 13. Nc2 f5 14. exf5 Bxf5 15. Ne3 Bg6 16. Nd5 Nxd5 17. Qxd5+ Kh8 18. Be3 Rde8 19. f3 b6 20. Rae1 Bf5 21. f4 Ne7 22. Qd2 Ng6 23. fxe5 Nxe5 24. Bd4 Qe7 25. Qe3 Bg6 26. Bxe5 dxe5 27. Rxf8+ Qxf8 28. b4 Qf7 29. Bd5 Qd7 30. Re2 e4 31. b5 Qd6 32. Kg2 Qe5 33. Rf2 Bh5 34. g4 Bg6 35. Rf4 Qe7 36. Bc6 Rd8 37. Bd5 Qa3 38. Rf2 Qe7 39. Rf4 Qe5 40. h4 Bh7 41. Qf2 Qe8 42. Qd4 Qd7 43. Qf2 Qd6 44. h5 Re8 45. Qe3 Qa3 46. Rf2 Bg8 47. Bc6 Re5 48. Bd5 Qd6 49. Bxg8 Kxg8 50. Rd2 Qe6 51. Qe2 Qf6 52. Kg3 Re8 53. Qe3 Qe5+ 54. Kg2 Qe6 55. Qe2 Rf8 56. Rd4 Rf4 57. Rd8+ Kh7 58. Rd5 Rxg4+ 59. Kh2 Rh4+ 60. Kg1 Qh3 0-1

[Event "Metz"]
[Site "Metz FRA"]
[Date "1995.??.??"]
[Round "9"]
[White "Hebert, Jean"]
[Black "Ivkov, Borislav"]
[Result "1/2-1/2"]
[WhiteElo "2400"]
[BlackElo "2460"]
[PlyCount "57"]
[GameId "2129405186349362"]
[EventDate "1995.??.??"]
[EventType "swiss"]
[EventRounds "9"]
[EventCountry "FRA"]
[SourceTitle "EXT 2001"]
[Source "ChessBase"]
[SourceDate "2000.11.22"]
[SourceVersion "1"]
[SourceVersionDate "2000.11.22"]
[SourceQuality "1"]

1. c4 g6 2. Nc3 c5 3. g3 Bg7 4. Bg2 Nc6 5. a3 a6 6. Rb1 Rb8 7. b4 cxb4 8. axb4 b5 9. cxb5 axb5 10. e3 Nf6 11. Nge2 O-O 12. Nf4 e5 13. Nfd5 Nxd5 14. Nxd5 Bb7 15. Qb3 Ne7 16. Bb2 Nxd5 17. Bxd5 Bxd5 18. Qxd5 Qe7 19. O-O Qe6 20. Qxe6 fxe6 21. Ra1 Ra8 22. Rfc1 Rxa1 23. Rxa1 Rc8 24. Ra7 Rc2 25. Bc3 d5 26. Ra8+ Kf7 27. Ra7+ Kg8 28. Ra8+ Kf7 29. Ra7+ 1/2-1/2

[Event "Paris op"]
[Site "Paris FRA"]
[Date "1995.??.??"]
[Round "?"]
[White "Hebert, Jean"]
[Black "Aveline, Philippe"]
[Result "1-0"]
[WhiteElo "2400"]
[BlackElo "2140"]
[PlyCount "65"]
[GameId "2129405186984570"]
[EventDate "1995.??.??"]
[EventType "swiss"]
[EventRounds "9"]
[EventCountry "FRA"]
[SourceTitle "EXT 99"]
[Source "ChessBase"]
[SourceDate "1998.11.10"]
[SourceVersion "1"]
[SourceVersionDate "1998.11.10"]
[SourceQuality "1"]

1. d4 Nf6 2. c4 g6 3. Nc3 Bg7 4. e4 d6 5. Nf3 O-O 6. Be2 e5 7. Be3 Ng4 8. Bg5 f6 9. Bc1 c6 10. O-O Nh6 11. Rb1 a5 12. dxe5 dxe5 13. Qxd8 Rxd8 14. Na4 Nd7 15. Rd1 Nf7 16. Be3 Nf8 17. Nb6 Rb8 18. Rxd8 Nxd8 19. Bd2 Nd7 20. Bxa5 Nxb6 21. Bxb6 Be6 22. b3 Bf8 23. Rd1 Nf7 24. Ne1 Ra8 25. a4 Nd6 26. f3 Nc8 27. Be3 Be7 28. Nd3 b5 29. axb5 cxb5 30. Nc5 Bf7 31. cxb5 Bxc5 32. Bxc5 Bxb3 33. Rd8+ 1-0

[Event "Paris op"]
[Site "Paris FRA"]
[Date "1995.??.??"]
[Round "?"]
[White "Hebert, Jean"]
[Black "Bogdanov, Valentin"]
[Result "1-0"]
[WhiteElo "2400"]
[BlackElo "2445"]
[PlyCount "55"]
[GameId "2129405186984571"]
[EventDate "1995.??.??"]
[EventType "swiss"]
[EventRounds "9"]
[EventCountry "FRA"]
[SourceTitle "EXT 99"]
[Source "ChessBase"]
[SourceDate "1998.11.10"]
[SourceVersion "1"]
[SourceVersionDate "1998.11.10"]
[SourceQuality "1"]

1. d4 Nf6 2. c4 g6 3. Nc3 d5 4. cxd5 Nxd5 5. e4 Nxc3 6. bxc3 Bg7 7. Nf3 O-O 8. Rb1 c5 9. Be2 b6 10. O-O Bb7 11. Qd3 Ba6 12. Qe3 Bxe2 13. Qxe2 e6 14. Rd1 Qc7 15. e5 Qc6 16. Ng5 Nd7 17. Qg4 Qa4 18. Be3 Nxe5 19. Qh3 h6 20. Nxe6 cxd4 21. cxd4 fxe6 22. dxe5 Qxa2 23. Ra1 Qb3 24. Rd7 g5 25. Qh5 Qc2 26. Rc1 Qf5 27. Rcc7 Bxe5 28. Qxh6 1-0

[Event "Paris op"]
[Site "Paris FRA"]
[Date "1995.??.??"]
[Round "?"]
[White "Ikonnikov, Vyacheslav"]
[Black "Hebert, Jean"]
[Result "1/2-1/2"]
[WhiteElo "2555"]
[BlackElo "2400"]
[PlyCount "89"]
[GameId "2129405186984590"]
[EventDate "1995.??.??"]
[EventType "swiss"]
[EventRounds "9"]
[EventCountry "FRA"]
[SourceTitle "EXT 99"]
[Source "ChessBase"]
[SourceDate "1998.11.10"]
[SourceVersion "1"]
[SourceVersionDate "1998.11.10"]
[SourceQuality "1"]

1. d4 Nf6 2. Nf3 e6 3. c4 c5 4. d5 b5 5. Bg5 bxc4 6. Nc3 d6 7. e4 e5 8. Bxf6 Qxf6 9. Bxc4 Qd8 10. Qa4+ Nd7 11. O-O Be7 12. Ba6 Bxa6 13. Qxa6 O-O 14. a4 Qc8 15. Qc6 a6 16. Nd2 Ra7 17. Qxc8 Rxc8 18. Nc4 Kf8 19. Rfb1 Rb7 20. Kf1 Rb4 21. b3 Rcb8 22. Na5 R8b6 23. f3 g6 24. Ke2 f5 25. Na2 Rd4 26. Nc6 fxe4 27. Nxd4 cxd4 28. fxe4 Nc5 29. b4 Nxa4 30. Rc1 Rb8 31. Rab1 Ke8 32. Rc6 a5 33. b5 Nc5 34. b6 Nxe4 35. Kd3 Nc5+ 36. Kc4 Nd7 37. Nc1 a4 38. Na2 a3 39. Rb3 Kd8 40. Rb1 Ke8 41. b7 Kd8 42. Ra6 Kc7 43. Rc6+ Kd8 44. Ra6 Kc7 45. Rc6+ 1/2-1/2

[Event "Marshall-ACF Fall Int'l"]
[Site "New York USA"]
[Date "1994.??.??"]
[Round "?"]
[White "Ashley, Maurice"]
[Black "Hebert, Jean"]
[Result "1-0"]
[WhiteElo "2475"]
[BlackElo "2395"]
[PlyCount "77"]
[GameId "2129405188196056"]
[EventDate "1994.12.06"]
[EventType "tourn"]
[EventRounds "9"]
[EventCountry "USA"]

1. e4 e6 2. d4 d5 3. exd5 exd5 4. c4 Nf6 5. Nc3 Bb4 6. Bd3 O-O 7. Nge2 c5 8. O-O dxc4 9. Bxc4 Nc6 10. Bg5 Nxd4 11. Ne4 Be6 12. Rc1 Bxc4 13. Rxc4 Ne6 14. Nxf6+ gxf6 15. Qxd8 Rfxd8 16. Bxf6 Rd5 17. Rg4+ Kf8 18. Ng3 Rc8 19. f4 Rc6 20. f5 Nd4 21. Bg7+ Ke7 22. Re4+ Kd7 23. Rh4 Nc2 24. Rxh7 Ne3 25. Rb1 Rd2 26. Bh6 Rxg2+ 27. Kh1 Rxh6 28. Rxh6 Rc2 29. a3 Ba5 30. Rh7 Ke7 31. b4 cxb4 32. Re1 Bb6 33. Nf1 Rc3 34. Rh3 b3 35. Nxe3 Kd7 36. Rg3 b2 37. Nd5 Rc1 38. Nxb6+ Kc6 39. Rgg1 1-0

[Event "Marshall-ACF Fall Int'l"]
[Site "New York USA"]
[Date "1994.??.??"]
[Round "?"]
[White "Bonin, Jay"]
[Black "Hebert, Jean"]
[Result "1-0"]
[WhiteElo "2400"]
[BlackElo "2395"]
[PlyCount "95"]
[GameId "2129405188196057"]
[EventDate "1994.12.06"]
[EventType "tourn"]
[EventRounds "9"]
[EventCountry "USA"]

1. d4 Nf6 2. c4 e6 3. Nf3 c5 4. d5 b5 5. Bg5 bxc4 6. Nc3 d6 7. Nd2 Be7 8. Bxf6 Bxf6 9. Nxc4 O-O 10. g3 Ba6 11. e3 Bxc3+ 12. bxc3 e5 13. Be2 Bxc4 14. Bxc4 Qa5 15. Qc2 Nd7 16. O-O f5 17. Rab1 Nb6 18. Bb5 c4 19. Bc6 Rac8 20. Rb5 Qa3 21. Qb2 Qxb2 22. Rxb2 e4 23. Rfb1 Rf7 24. a4 Nd7 25. Bxd7 Rxd7 26. Rb8 Rdc7 27. R1b7 Rxb8 28. Rxc7 Rb1+ 29. Kg2 a5 30. Rxc4 Rd1 31. Rc8+ Kf7 32. Rc7+ Kf6 33. c4 Rc1 34. h4 h5 35. Rc6 Ke5 36. f4+ exf3+ 37. Kxf3 Rf1+ 38. Ke2 Ra1 39. Rc8 Kf6 40. Re8 Rxa4 41. Re6+ Kf7 42. Kd3 Ra1 43. Rxd6 a4 44. Ra6 a3 45. c5 Ke7 46. Ra7+ Kd8 47. Kd4 f4 48. gxf4 1-0

[Event "Marshall-ACF Fall Int'l"]
[Site "New York USA"]
[Date "1994.??.??"]
[Round "?"]
[White "Edelman, Daniel"]
[Black "Hebert, Jean"]
[Result "0-1"]
[WhiteElo "2415"]
[BlackElo "2395"]
[PlyCount "100"]
[GameId "2129405188196058"]
[EventDate "1994.12.06"]
[EventType "tourn"]
[EventRounds "9"]
[EventCountry "USA"]

1. e4 e6 2. d4 d5 3. e5 c5 4. c3 Nc6 5. Nf3 Bd7 6. Be2 f6 7. O-O fxe5 8. dxe5 Qc7 9. c4 d4 10. Bf4 O-O-O 11. Nbd2 Nh6 12. Bd3 Be7 13. a3 Rdf8 14. Bxh6 gxh6 15. Qe2 Be8 16. b4 cxb4 17. axb4 Bxb4 18. Be4 Rhg8 19. Rfb1 Bc3 20. Ra3 a5 21. c5 Bb4 22. Nc4 Bxc5 23. Rab3 Bb4 24. Nd6+ Kb8 25. Qc4 Bg6 26. Qxe6 Bxe4 27. Nxe4 Qf7 28. Qxh6 Qf5 29. Ng3 Qc2 30. h4 d3 31. Qxh7 Nxe5 32. R3b2 Nxf3+ 33. gxf3 Qc4 34. Kg2 Rd8 35. h5 d2 36. Rc2 Qf4 37. Rd1 Rge8 38. Rb2 Rd4 39. Ne4 Rf8 40. Nxd2 Rfd8 41. h6 Qg5+ 42. Kf1 R4d6 43. Qe4 Qxh6 44. Qe5 Qf6 45. Qxf6 Rxf6 46. Ke2 Rfd6 47. f4 Rxd2+ 48. Rdxd2 Rxd2+ 49. Rxd2 Bxd2 50. Kxd2 Kc7 0-1

[Event "Marshall-ACF Fall Int'l"]
[Site "New York USA"]
[Date "1994.??.??"]
[Round "?"]
[White "Hebert, Jean"]
[Black "Friedman, Aviv"]
[Result "1-0"]
[WhiteElo "2395"]
[BlackElo "2320"]
[PlyCount "95"]
[GameId "2129405188196059"]
[EventDate "1994.12.06"]
[EventType "tourn"]
[EventRounds "9"]
[EventCountry "USA"]

1. c4 c5 2. Nf3 Nf6 3. Nc3 g6 4. g3 Bg7 5. Bg2 O-O 6. d4 cxd4 7. Nxd4 Nc6 8. O-O Nxd4 9. Qxd4 d6 10. Qd3 a6 11. Bg5 Rb8 12. Rfd1 Qa5 13. Bxf6 Bxf6 14. Nd5 Bxb2 15. Nxe7+ Kg7 16. Rab1 Be5 17. Nxc8 Rfxc8 18. Bxb7 Rc7 19. Bd5 Rxb1 20. Qxb1 h5 21. Kg2 Qc5 22. Rd3 Re7 23. h4 Rc7 24. Qb8 Rc8 25. Qb3 Rc7 26. Qa4 Re7 27. Qd1 Rc7 28. e3 Qa5 29. Qb1 Re7 30. Rb3 Bf6 31. Rb7 Rc7 32. Qb6 Qxb6 33. Rxb6 a5 34. Rxd6 Be7 35. Rb6 a4 36. Kf3 Bc5 37. Rb8 a3 38. e4 Kf6 39. Ke2 Ke5 40. f4+ Kf6 41. Rg8 Bd4 42. Kf3 Ra7 43. e5+ Ke7 44. Bc6 f6 45. Re8+ Kf7 46. e6+ Kg7 47. e7 Kf7 48. Rd8 1-0

[Event "Marshall-ACF Fall Int'l"]
[Site "New York USA"]
[Date "1994.??.??"]
[Round "?"]
[White "Hebert, Jean"]
[Black "Kaidanov, Gregory"]
[Result "0-1"]
[WhiteElo "2395"]
[BlackElo "2645"]
[PlyCount "50"]
[GameId "2129405188196060"]
[EventDate "1994.12.06"]
[EventType "tourn"]
[EventRounds "9"]
[EventCountry "USA"]

1. d4 d5 2. c4 e6 3. Nf3 Nf6 4. Nc3 c6 5. e3 Nbd7 6. Qc2 Bd6 7. b3 O-O 8. Be2 a6 9. Bb2 e5 10. cxd5 cxd5 11. dxe5 Nxe5 12. O-O Be6 13. Rad1 Rc8 14. Qb1 Bg4 15. Nxd5 Nxd5 16. Rxd5 Nxf3+ 17. gxf3 Be6 18. Rh5 g6 19. Kh1 Be7 20. Rd1 Qb6 21. Qe4 Rfd8 22. Rxd8+ Qxd8 23. Re5 Qd2 24. Bc4 Rxc4 25. bxc4 Qxf2 0-1

[Event "Marshall-ACF Fall Int'l"]
[Site "New York USA"]
[Date "1994.??.??"]
[Round "?"]
[White "Hebert, Jean"]
[Black "Palatnik, Semon"]
[Result "0-1"]
[WhiteElo "2395"]
[BlackElo "2495"]
[PlyCount "80"]
[GameId "2129405188196061"]
[EventDate "1994.12.06"]
[EventType "tourn"]
[EventRounds "9"]
[EventCountry "USA"]

1. d4 f5 2. g3 Nf6 3. Bg2 g6 4. c4 Bg7 5. Nc3 O-O 6. Nh3 d6 7. d5 c6 8. Nf4 e5 9. dxe6 Qe7 10. Rb1 Bxe6 11. Nxe6 Qxe6 12. b3 Nbd7 13. Bb2 Nc5 14. O-O a5 15. e3 Nfe4 16. Qc2 Nxc3 17. Bxc3 Bxc3 18. Qxc3 Qe5 19. Qc2 Rf6 20. Rbd1 h5 21. Rfe1 Re6 22. h4 Kf7 23. Rd4 Qxd4 24. exd4 Rxe1+ 25. Kh2 Ne4 26. Bxe4 Rxe4 27. Qd2 b6 28. f3 Re7 29. Qf4 Rd8 30. Kh3 Kg7 31. Qg5 Rde8 32. Qf4 Rd7 33. a3 Re2 34. b4 axb4 35. axb4 Kh7 36. Qc1 Ra7 37. g4 hxg4+ 38. fxg4 fxg4+ 39. Kxg4 Re4+ 40. Kg5 Rf7 0-1

[Event "Marshall-ACF Fall Int'l"]
[Site "New York USA"]
[Date "1994.??.??"]
[Round "?"]
[White "Hebert, Jean"]
[Black "Vucic, Mladen"]
[Result "1-0"]
[WhiteElo "2395"]
[BlackElo "2400"]
[PlyCount "73"]
[GameId "2129405188196062"]
[EventDate "1994.12.06"]
[EventType "tourn"]
[EventRounds "9"]
[EventCountry "USA"]

1. c4 e6 2. Nf3 d5 3. d4 c6 4. e3 Nd7 5. Nc3 Ngf6 6. Qc2 Bd6 7. Be2 O-O 8. b3 Re8 9. O-O Qe7 10. Rd1 b6 11. e4 Nxe4 12. Nxe4 dxe4 13. Qxe4 Bb7 14. Ne5 f5 15. Qe3 Nf6 16. Bf3 c5 17. Bb2 Qc7 18. Bxb7 Qxb7 19. dxc5 Bxc5 20. Bd4 Qc7 21. Bxc5 bxc5 22. f3 Rac8 23. Rd3 Red8 24. Rad1 Rxd3 25. Rxd3 h6 26. h3 Re8 27. g4 a5 28. Kg2 Kh7 29. h4 Kg8 30. g5 hxg5 31. hxg5 Ne4 32. Qf4 Nd6 33. g6 Kf8 34. Qh4 f4 35. Qh8+ Ke7 36. Qxg7+ Kd8 37. Nf7+ 1-0

[Event "Marshall-ACF Fall Int'l"]
[Site "New York USA"]
[Date "1994.??.??"]
[Round "?"]
[White "Hebert, Jean"]
[Black "Waitzkin, Joshua"]
[Result "1-0"]
[WhiteElo "2395"]
[BlackElo "2415"]
[PlyCount "81"]
[GameId "2129405188196063"]
[EventDate "1994.12.06"]
[EventType "tourn"]
[EventRounds "9"]
[EventCountry "USA"]

1. c4 e5 2. Nc3 Nf6 3. Nf3 Nc6 4. g3 d5 5. cxd5 Nxd5 6. Bg2 Nb6 7. O-O Be7 8. d3 O-O 9. a3 Re8 10. b4 Bf8 11. Bb2 Bg4 12. h3 Bh5 13. Ne4 a5 14. b5 Bxf3 15. Bxf3 Nd4 16. Bxd4 exd4 17. Nd2 Nd5 18. Qb3 Nc3 19. Ne4 Nxe4 20. Bxe4 Rb8 21. Rfc1 Re5 22. Kg2 b6 23. Rc6 Rc5 24. a4 Rxc6 25. Bxc6 Qf6 26. Rf1 Rd8 27. Bd5 Qf5 28. Bc4 Rd7 29. e4 dxe3 30. fxe3 Qg6 31. Rf3 Bd6 32. Bd5 Re7 33. Qc4 Bb4 34. e4 Kf8 35. h4 Ke8 36. e5 Kf8 37. d4 h6 38. Qe2 Ke8 39. Rf4 Kf8 40. h5 Qb1 41. Qf2 1-0

[Event "Marshall-ACF Fall Int'l"]
[Site "New York USA"]
[Date "1994.??.??"]
[Round "?"]
[White "Marquez, Raul"]
[Black "Hebert, Jean"]
[Result "1-0"]
[WhiteElo "2260"]
[BlackElo "2395"]
[PlyCount "51"]
[GameId "2129405188196064"]
[EventDate "1994.12.06"]
[EventType "tourn"]
[EventRounds "9"]
[EventCountry "USA"]

1. d4 Nf6 2. Nf3 e6 3. c4 b6 4. e3 Bb7 5. Bd3 Bb4+ 6. Bd2 Be7 7. O-O O-O 8. Nc3 d5 9. cxd5 exd5 10. Ne5 c5 11. Qf3 Nc6 12. Qh3 Nxe5 13. dxe5 Ne4 14. Rad1 Qc7 15. f4 Rad8 16. Nxe4 dxe4 17. Bc4 Bc6 18. f5 Kh8 19. f6 gxf6 20. exf6 Bd6 21. Rf5 Bd7 22. Qh6 Rg8 23. Rh5 Bf5 24. Rxf5 Rg6 25. Qh3 Rdg8 26. Bf1 1-0

[Event "New York Marshall/Enhance"]
[Site "New York USA"]
[Date "1994.??.??"]
[Round "1"]
[White "Hebert, Jean"]
[Black "Hergott, Deen"]
[Result "0-1"]
[WhiteElo "2395"]
[BlackElo "2430"]
[PlyCount "106"]
[GameId "2129405190978580"]
[EventDate "1994.??.??"]
[EventType "tourn"]
[EventRounds "5"]
[EventCountry "USA"]
[SourceTitle "EXT 94"]

1. d4 e6 2. c4 Bb4+ 3. Bd2 Qe7 4. Nf3 Nf6 5. g3 Nc6 6. Bg2 Bxd2+ 7. Nbxd2 d6 8. e4 a5 9. O-O e5 10. d5 Nb8 11. Ne1 O-O 12. Nd3 Na6 13. Nb3 a4 14. Nbc1 Bd7 15. b3 axb3 16. axb3 c6 17. Re1 Rfc8 18. Qd2 Qd8 19. dxc6 Bxc6 20. Qe3 b5 21. Ne2 bxc4 22. bxc4 Nd7 23. f4 Nac5 24. Nxc5 Qb6 25. Bh3 Qxc5 26. Qxc5 dxc5 27. fxe5 Rxa1 28. Rxa1 Re8 29. e6 Ne5 30. Nc3 fxe6 31. Ra5 Kf7 32. Rxc5 Kf6 33. Bf1 Ra8 34. Be2 Ra3 35. Nb5 Ra2 36. Kf1 Bxe4 37. Rc7 Nd3 38. Bxd3 Bxd3+ 39. Kg1 g5 40. Nd6 Ke5 41. Nf7+ Kf6 42. h4 g4 43. Nh6 Be2 44. Ng8+ Ke5 45. Rxh7 Bf3 46. Nh6 Rg2+ 47. Kf1 Rxg3 48. Nf7+ Kf4 49. Ng5 e5 50. Ra7 Rg2 51. c5 Rc2 52. Ra4+ e4 53. Ne6+ Kg3 0-1

[Event "New York Marshall/Enhance"]
[Site "New York USA"]
[Date "1994.??.??"]
[Round "1"]
[White "Hebert, Jean"]
[Black "Hergott, Deen"]
[Result "1/2-1/2"]
[WhiteElo "2395"]
[BlackElo "2430"]
[PlyCount "59"]
[GameId "2129405190978581"]
[EventDate "1994.??.??"]
[EventType "tourn"]
[EventRounds "5"]
[EventCountry "USA"]
[SourceTitle "EXT 94"]

1. d4 e6 2. c4 b6 3. Nc3 Bb7 4. e4 Bb4 5. f3 f5 6. e5 c5 7. a3 Bxc3+ 8. bxc3 Nc6 9. Be3 Nh6 10. Nh3 Nf7 11. Nf4 O-O 12. Be2 Na5 13. O-O Rc8 14. Rc1 Ba6 15. Qa4 Qc7 16. Rfd1 Qc6 17. Qxc6 Rxc6 18. dxc5 Nxe5 19. Bd4 Nexc4 20. cxb6 axb6 21. Nh5 Nb3 22. Bxg7 Nxc1 23. Bxc4 Bxc4 24. Rxd7 Ne2+ 25. Kf2 h6 26. g3 Rcc8 27. Bxf8 Kxf8 28. Nf6 Nxc3 29. Nh7+ Ke8 30. Nf6+ 1/2-1/2

[Event "New York Marshall/Enhance"]
[Site "New York USA"]
[Date "1994.??.??"]
[Round "2"]
[White "Ashley, Maurice"]
[Black "Hebert, Jean"]
[Result "1/2-1/2"]
[WhiteElo "2475"]
[BlackElo "2395"]
[PlyCount "94"]
[GameId "2129405190978585"]
[EventDate "1994.??.??"]
[EventType "tourn"]
[EventRounds "5"]
[EventCountry "USA"]
[SourceTitle "EXT 94"]

1. e4 c5 2. Nf3 Nc6 3. Nc3 e5 4. Bc4 d6 5. d3 Be7 6. Nd2 Bg5 7. Nf1 Bxc1 8. Rxc1 Nf6 9. Ne3 O-O 10. O-O Be6 11. Ncd5 Kh8 12. f4 exf4 13. Rxf4 Bxd5 14. Nxd5 Nxd5 15. Bxd5 Qg5 16. Qf1 f6 17. Re1 Ne7 18. Bb3 b5 19. Re3 g6 20. c3 Qe5 21. Qf2 Rac8 22. Re1 g5 23. Rf3 Ng6 24. g3 c4 25. d4 Qe6 26. Bc2 Kg7 27. e5 fxe5 28. Bf5 Qd5 29. Be4 Rxf3 30. Bxf3 Qe6 31. dxe5 Nxe5 32. Qxa7+ Kh6 33. Be4 Ng6 34. Re2 Re8 35. Qb7 Re7 36. Qa8 d5 37. Bf3 Qb6+ 38. Rf2 d4 39. cxd4 Qxd4 40. Qd5 Qxd5 41. Bxd5 Ra7 42. Bc6 Rxa2 43. Bxb5 Ra1+ 44. Rf1 Ra2 45. Rf2 Ra1+ 46. Kg2 Rc1 47. Re2 c3 1/2-1/2